Will Ferrell Quotes - Statistics

General Stats
  • This quiz has been taken 3 times
  • The average score is 10 of 16
Answer Stats
Hint Answer % Correct
You know what? I still hate you, but you got a pretty awesome collection of nudie mags. Step Brothers
100%
Well, I could be wrong, but I believe diversity is an old, old wooden ship that was used during the Civil War era. The Anchorman
100%
Troubled childhood? If you consider a 9 year old kid with a 35 year old girlfriend troubled. Blades of Glory
67%
You sit on a throne of lies! Elf
67%
John, lay back imma take a few bars. Get Hard
67%
[Is that Jean Paul Gaultier's 'Pour Homme'] It's just my natural musk Megamind
67%
We were out at the Olive Garden for dinner, which was lovely, and I happened to look over at a certain point during the meal and see a waitress taking an order. I found myself wondering, what color her underpants might be. Old School
67%
I've got a ring right here is says love Semi Pro
67%
I'm sayin' with all due respect, that idea ain't worth a velvet painting of a whale and a dolphin gettin' it on! Talladega Nights
67%
He wants some walking around money! He wants to buy some shoes! The Other Guys
67%
It's that damn Hansel! He's so hot right now! Zoolander
67%
I can't stand to be asked the same question three times. It just irritates me. Austin Powers
33%
Can you feel the tension? I can. I can feel it... down in my plums. Getting a nice, bluish hue. Getting ready to take 'em down to the farmer's market. East Bound and Down
33%
Tell him to arch his back and then look back at me. Mean like a dragon. Starsky and Hutch
33%
Have you done the back door yet? [No.] Knock-Knock. [No.] It's me with my pee-pee. [No.] A life changer. It is a life changer! The Internship
33%
Yeah, her boyfriend just died. Dude died in a hang-gliding accident! What an idiot! Wedding Crashers
33%
No matching quizzes found
Score Distribution
Percent of People with Each Score
Percentile by Number Answered
Your Score History
You have not taken this quiz